Statistics for Countries with different Time Zones

Click here to take the quiz!

General Stats

  • This quiz has been taken 483 times
  • The average score is 16 of 23

Answer Stats

Time ZonesAnswer% Correct
11Russia
99%
11USA
98%
8Australia
94%
4Brazil
94%
6Canada
94%
9UK
93%
12France
91%
4Mexico
87%
3Indonesia
81%
2Spain
77%
2South Africa
70%
2Mongolia
65%
2Portugal
64%
2Kazakhstan
62%
5New Zealand
62%
5Denmark
59%
2Netherlands
56%
2D.R. Congo
52%
2Chile
43%
3Kiribati
42%
2Micronesia
39%
2Ecuador
29%
2Papua New Guinea
27%

Score Distribution

Percentile by Number Answered

Percent of People with Each Score

Your Score History

You have not taken this quiz